| 000 | 00611nam a2200217Ia 4500 | ||
|---|---|---|---|
| 003 | GCL | ||
| 008 | 140319s9999 xx 000 0 eng d | ||
| 020 | _a0789729717 | ||
| 040 |
_aGCL / _cGCL |
||
| 082 | 0 | 4 |
_a629.892 _bB A |
| 100 | 1 | _aBRANWYN, GARETH | |
| 245 | 1 | 0 |
_aABSOLUTE BEGINNER'S GUIDE TO BUILDING ROBOTS / _cBRANWYN, GARETH |
| 260 |
_aنيويورك : _bQUE ، _c2004 |
||
| 300 |
_a24 CM ؛ _c366 P |
||
| 650 | 0 | 4 | _aMECHANISM |
| 650 | 0 | 4 | _aROBOTS, INDUSTRIES |
| 650 | 0 | 4 | _aROBOT BUILDING SYSTEMS |
| 650 | 0 | 4 | _aAUTOMATIC MACHINERY |
| 650 | 0 | 4 | _aAUTOMATED GUIEDED VEHICLE SYSTEMS |
| 942 |
_2ddc _cBK |
||
| 999 |
_c7273 _d7273 |
||